[Event "PRO League Group Stage"]
[Site "masterchessopen.com chess.com INT"]
[Date "2017.02.15"]
[Round "6"]
[White "Zierk,S"]
[Black "Holt,C"]
[Result "0-1"]
[WhiteElo "2493"]
[BlackElo "2567"]

1.e4 e6 2.d4 d5 3.Nd2 c5 4.exd5 Qxd5 5.Ngf3 cxd4 6.Bc4 Qd6 7.O-O Nf6 8.Nb3 Nc6
9.Nbxd4 Nxd4 10.Nxd4 a6 11.Re1 Qc7 12.Bb3 Bd6 13.h3 O-O 14.Qf3 b6 15.Qxa8 Bb7
16.Nxe6 fxe6 17.Qxb7 Qxb7 18.Rxe6 Kh8 19.Rxd6 Ne4 20.Rd4 Nxf2 21.Be3 Nxh3+
22.gxh3 Qf3 23.Rd3 Qg3+ 24.Kh1 Qxh3+ 25.Kg1 Qg3+ 26.Kh1 Qh4+ 27.Kg1 Rf3
28.Bxb6 Qg5+ 29.Kh1 Qh6+ 30.Kg2 Rxd3 31.cxd3 Qc6+ 32.Kg3 Qxb6 33.Re1 Qg6+
34.Kf2 Qf6+ 35.Kg3 Qg5+ 36.Kf3 Qf5+ 37.Kg2 Qg4+ 38.Kf2 Qf4+ 39.Kg2 Qd2+ 40.Kf1
Qxd3+ 41.Kf2 Qd2+ 42.Re2 Qf4+ 43.Kg2 Qg5+ 44.Kf3 Qf6+ 45.Kg2 Qg6+ 46.Kf3 h5
47.Re4 Qf5+ 48.Ke3 Qc5+ 49.Kf3 Qc6 50.Kf4 Qf6+ 51.Kg3 g5 52.Bc4 Qd6+ 53.Kf2 h4
54.Rg4 Qh2+ 55.Ke1 Qxb2 56.Be2 Qe5 57.Kf2 a5 58.a4 Kg7 59.Bf3 Kf6 60.Be2 Qh2+
61.Kf3 Qh3+ 62.Kf2 Kf5 63.Rc4 Qg3+ 64.Kf1 h3 65.Rc5+ Kf6 66.Rc6+ Ke7 {#R} 0-1

[Event "PRO League Group Stage"]
[Site "masterchessopen.com chess.com INT"]
[Date "2017.02.15"]
[Round "6"]
[White "De Vreesse Pieters,Seppe"]
[Black "Jensen,Mat"]
[Result "0-1"]
[WhiteElo "2229"]
[BlackElo "2039"]

1.d4 Nf6 2.Bg5 e6 3.Nd2 h6 4.Bh4 g5 5.Bg3 Bg7 6.e4 Nc6 7.e5 Nd5 8.c3 b6 9.h4
Rg8 10.hxg5 hxg5 11.Bd3 Qe7 12.Ngf3 Nf4 13.Bxf4 gxf4 14.Qe2 Bb7 15.O-O-O O-O-O
16.Ba6 d5 17.Rh7 f6 18.exf6 Qxf6 19.Bb5 Rh8 20.Rxh8 Rxh8 21.Re1 Nd8 22.Ne5 c6
23.Bd3 Kc7 24.Ndf3 Re8 25.Rh1 Rh8 26.Qf1 Rxh1 27.Qxh1 Qh6 28.Qe1 Qf6 29.Ng4
Qe7 30.Qd2 Qf7 31.Nfe5 Bxe5 32.Nxe5 Qf6 33.Qe2 Nf7 34.Ng4 Qg5 35.Kc2 Bc8 36.f3
Nd6 37.Qe1 b5 38.Qh1 Nf5 39.Qh7+ Kb6 40.Qh8 Kb7 41.Qe5 Qh4 42.Qxf4 Qe1 43.Qd2
Qg3 44.Bxf5 exf5 45.Ne5 f4 46.b3 Bf5+ 47.Kb2 Qh2 48.c4 Qg1 49.cxd5 Qb1+ 50.Ka3
a5 51.Nxc6 b4+ 52.Nxb4 axb4+ 53.Qxb4+ Kc7 54.Qc5+ Kb8 55.d6 Qd3 {#R} 0-1

[Event "PRO League Group Stage"]
[Site "masterchessopen.com chess.com INT"]
[Date "2017.02.15"]
[Round "6"]
[White "Erenburg,S"]
[Black "Perez Ponsa,F"]
[Result "1-0"]
[WhiteElo "2570"]
[BlackElo "2583"]

1.e4 e5 2.Nf3 Nc6 3.Bb5 Nf6 4.d3 Bc5 5.c3 O-O 6.O-O d6 7.Nbd2 a6 8.Bxc6 bxc6
9.d4 exd4 10.cxd4 Bb6 11.Qc2 c5 12.d5 Re8 13.b3 Bg4 14.Bb2 Bh5 15.Rfe1 Bg6
16.Qc3 a5 17.a4 Qe7 18.Nh4 Qf8 19.Nxg6 hxg6 20.Qf3 Nd7 21.Nc4 f6 22.g3 Qf7
23.Kg2 Re7 24.Re3 Nf8 25.h4 Qe8 26.Rh1 Nh7 27.Qg4 Qf7 28.h5 gxh5 29.Rxh5 Rae8
30.Rh1 Ng5 31.f3 Qg6 32.Bc3 Kf7 33.Ree1 Kg8 34.Bd2 Kf7 35.Rh4 Rb8 36.Bxg5 Qxg5
37.Qh3 Ba7 38.Rg4 Qh6 39.Qxh6 gxh6 40.Re3 h5 41.Rh4 Kg6 42.Rd3 Bb6 43.Rd1 Rh8
44.Rdh1 Reh7 45.f4 Re8 46.Kf3 Ree7 47.f5+ Kg7 48.Rxh5 Rxh5 49.Rxh5 Re8 50.Rh1
Rb8 51.Kf4 Ba7 52.Nxa5 c4 53.Nc6 Rb7 54.b4 c3 55.Rc1 Bf2 56.Rxc3 Be1 57.Rc4
Bd2+ 58.Kf3 {#r} 1-0

[Event "PRO League Group Stage"]
[Site "masterchessopen.com chess.com INT"]
[Date "2017.02.15"]
[Round "6"]
[White "Erenburg,S"]
[Black "Villanueva,Mar"]
[Result "1-0"]
[WhiteElo "2570"]
[BlackElo "2425"]

1.e4 e5 2.Nf3 Nf6 3.Nxe5 d6 4.Nf3 Nxe4 5.Nc3 Nxc3 6.dxc3 Be7 7.Be3 O-O 8.Qd2
b6 9.O-O-O Bb7 10.h4 Nd7 11.h5 Nf6 12.Bd3 Re8 13.Nd4 Ne4 14.Qe2 Bg5 15.Rhe1
Qf6 16.Nf3 Bxe3+ 17.Qxe3 Bc6 18.Qd4 Qh6+ 19.Kb1 Nc5 20.Qg4 Nxd3 21.cxd3 Bxf3
22.Qxf3 g6 23.hxg6 Qxg6 24.Rh1 Rad8 25.Rh4 Re5 26.Rdh1 Rde8 27.Rxh7 Re1+
28.Kc2 R8e2+ 29.Kb3 Qe6+ 30.c4 Rxh1 31.Rxh1 d5 32.cxd5 Qe5 33.d4 Qe4 34.Qg3+
Qg6 35.Qxg6+ fxg6 36.Rc1 Rxf2 37.Rxc7 Kf8 38.Rxa7 Rxg2 39.Rb7 g5 40.Rxb6 Kf7
41.a4 g4 42.Re6 Rf2 43.Re4 g3 44.Rg4 g2 45.a5 Ke7 46.a6 Kd6 47.a7 Rf8 48.Rxg2
Ra8 49.Rg7 Kxd5 50.Kb4 Rxa7 51.Rxa7 {#r} 1-0

[Event "PRO League Group Stage"]
[Site "masterchessopen.com chess.com INT"]
[Date "2017.02.15"]
[Round "6"]
[White "Shimanov,A"]
[Black "Johnson,Frank B"]
[Result "1-0"]
[WhiteElo "2642"]
[BlackElo "2191"]

1.e4 c5 2.Nf3 d6 3.Nc3 Nf6 4.e5 dxe5 5.Nxe5 e6 6.Bb5+ Nbd7 7.d4 a6 8.Bxd7+
Bxd7 9.Bf4 Qb6 10.dxc5 Bxc5 11.O-O Rd8 12.Nd3 Be7 13.Qe2 O-O 14.a4 a5 15.Be3
Qc7 16.Nb5 Bxb5 17.axb5 Nd5 18.Rfc1 Bf6 19.Bd2 b6 20.c4 Ne7 21.Bf4 Qb7 22.Be5
Bxe5 23.Nxe5 Rd4 24.Rd1 Rfd8 25.Rxd4 Rxd4 26.Rd1 Rxd1+ 27.Qxd1 Qc7 28.Qd7 Qxd7
29.Nxd7 Nc8 30.c5 bxc5 31.b6 {#r} 1-0

[Event "PRO League Group Stage"]
[Site "masterchessopen.com chess.com INT"]
[Date "2017.02.15"]
[Round "6"]
[White "Shimanov,A"]
[Black "Nagle,S"]
[Result "0-1"]
[WhiteElo "2642"]
[BlackElo "2423"]

1.c4 g6 2.d4 Bg7 3.Nf3 d6 4.Nc3 Nf6 5.e4 Bg4 6.Be2 Nfd7 7.Be3 a6 8.Ng1 Bxe2
9.Ngxe2 c5 10.O-O O-O 11.Rc1 Nc6 12.b3 b5 13.d5 Nce5 14.f4 Ng4 15.Bd2 Nb6
16.Nb1 b4 17.h3 Nf6 18.Qc2 a5 19.a4 bxa3 20.Nxa3 a4 21.b4 cxb4 22.Bxb4 Nbxd5
23.Bd2 Nb4 24.Qb1 Na6 25.Be3 Nc5 26.Bxc5 dxc5 27.e5 Ne8 28.Rfd1 Qa5 29.Rd7 Nc7
30.Rxe7 Ne6 31.Rd1 Rad8 32.Red7 Rxd7 33.Rxd7 Rd8 34.Rxd8+ Qxd8 35.g3 g5 36.Qe4
gxf4 37.gxf4 Qd2 38.Kf1 Bh6 39.Qa8+ Bf8 40.Qg2+ Kh8 41.Qd5 Qe3 42.Nc2 Qxh3+
43.Kf2 Bh6 44.Qe4 Qh4+ 45.Kf3 Bxf4 46.Qf5 Qh1+ 47.Kf2 Qh2+ 48.Kf1 Kg8 49.Qg4+
Kf8 50.Qf3 Bxe5 51.Ne3 Nd4 52.Nxd4 Bxd4 53.Nf5 Qe5 54.Qa8+ Qe8 55.Qa6 Bg7
56.Qd6+ Kg8 57.Qxc5 h6 58.Qd5 Qe6 59.Qd3 Bf8 60.Qg3+ Qg6 61.Qd3 a3 {#R} 0-1

[Event "PRO League Group Stage"]
[Site "masterchessopen.com chess.com INT"]
[Date "2017.02.15"]
[Round "6"]
[White "De Abreu,Roberto N"]
[Black "Dhulipalla,Bala Chandra Prasad"]
[Result "0-1"]
[WhiteElo "2110"]
[BlackElo "2353"]

1.d4 Nc6 2.d5 Ne5 3.e4 Ng6 4.f4 e5 5.Nf3 exf4 6.Qd4 c5 7.Qa4 Nf6 8.Bd3 Ng4
9.e5 Qb6 10.Na3 c4 11.e6 cxd3 12.exf7+ Kxf7 13.Ng5+ Kg8 14.Bd2 Qxb2 15.Rb1
Qe5+ 16.Ne4 Nf6 17.cxd3 Nxe4 18.dxe4 Bxa3 19.Qxa3 Qxe4+ 20.Kf2 Qd4+ 21.Ke2 d6
22.h3 Bf5 23.Rb4 Re8+ 24.Kd1 Qxd5 25.Qb2 Qxg2 26.Re1 Rxe1+ 27.Kxe1 h5 28.Rxb7
Ne5 29.Rb8+ Kh7 30.Rxh8+ Kxh8 31.Qb8+ Kh7 32.Qxd6 Nf3+ 33.Kd1 Qf1+ {#R} 0-1

[Event "PRO League Group Stage"]
[Site "masterchessopen.com chess.com INT"]
[Date "2017.02.15"]
[Round "6"]
[White "Gurevich,Daniel"]
[Black "Cremisi,Daniel Josef"]
[Result "1-0"]
[WhiteElo "2455"]
[BlackElo "2148"]

1.e4 e6 2.d4 d5 3.Nc3 dxe4 4.Nxe4 Bd7 5.Nf3 Bc6 6.Ng3 Nd7 7.Bd3 Ngf6 8.O-O Be7
9.Re1 O-O 10.Bf4 b6 11.Qe2 a5 12.Rad1 Qc8 13.c4 Re8 14.Ne5 Nxe5 15.dxe5 Nd7
16.Ne4 Nc5 17.Nf6+ gxf6 18.Bxh7+ Kh8 19.Qh5 Bf3 20.gxf3 Rg8+ 21.Bg6+ {#r} 1-0

[Event "PRO League Group Stage"]
[Site "masterchessopen.com chess.com INT"]
[Date "2017.02.15"]
[Round "6"]
[White "Gurevich,Daniel"]
[Black "Mu,Joshua"]
[Result "0-1"]
[WhiteElo "2455"]
[BlackElo "2203"]

1.e4 Nf6 2.e5 Nd5 3.c4 Nb6 4.d4 d6 5.exd6 exd6 6.h3 Nc6 7.Nf3 Be7 8.Nc3 Bf5
9.d5 Ne5 10.Nxe5 dxe5 11.Be3 O-O 12.g4 Bg6 13.Bg2 Nxc4 14.Qe2 Nxe3 15.Qxe3 Bg5
16.Qe2 f5 17.gxf5 Rxf5 18.Be4 Bh5 19.Qd3 Rf4 20.Ne2 Bxe2 21.Kxe2 Qf6 22.f3 h6
23.Rag1 Rd8 24.Qb3 Qa6+ 25.Bd3 Qa4 26.Rg4 Qxb3 27.axb3 Kf8 28.h4 Bf6 29.Be4
Rd6 30.Rc1 Rd7 31.h5 Ke7 32.b4 Bg5 33.Rxf4 Bxf4 34.Ra1 a6 35.Ra5 Kf6 36.b5 Kg5
37.bxa6 bxa6 38.Bg6 Rd6 39.Rc5 Rb6 40.Rc2 Rb5 41.Bf7 Kf6 42.Be6 Rb7 43.b3 Rxb3
44.Rxc7 Rb2+ 45.Kd3 e4+ 46.Kc3 Be5+ {#R} 0-1

[Event "PRO League Group Stage"]
[Site "masterchessopen.com chess.com INT"]
[Date "2017.02.15"]
[Round "6"]
[White "Jensen,Mat"]
[Black "Boros,De"]
[Result "0-1"]
[WhiteElo "2039"]
[BlackElo "2444"]

1.d4 Nf6 2.c4 c6 3.Nc3 d5 4.cxd5 cxd5 5.Bf4 Nc6 6.e3 a6 7.Bd3 Bg4 8.Nge2 e6
9.O-O Be7 10.f3 Bh5 11.Rc1 O-O 12.a3 Nd7 13.e4 dxe4 14.Nxe4 Qb6 15.Nd6 Nxd4
16.Bxh7+ Kxh7 17.Qxd4 Qxd4+ 18.Nxd4 e5 19.N6f5 Bc5 20.Bxe5 Rfe8 21.Bxg7 Bg6
22.Rxc5 Nxc5 23.Bf6 Bxf5 24.Nxf5 Kg6 25.Bd4 Kxf5 26.Bxc5 Rad8 27.Bb4 Re2
28.Bc3 b6 29.Re1 Rde8 30.Kf1 Rxe1+ 31.Bxe1 Rh8 32.h3 a5 33.Kf2 Re8 34.Bc3 Kg5
35.Bd2+ Kh4 36.Bc3 Re6 37.f4 f5 38.Kf3 Rg6 39.Bd4 b5 40.Bc3 a4 41.Be1+ Kh5
42.Bc3 Rg8 43.Be5 Rd8 44.g4+ Kg6 45.g5 Rd3+ 46.Kg2 Kh5 47.Bf6 Re3 48.Bc3 Kh4
49.g6 Rg3+ 50.Kh2 Rxh3+ 51.Kg2 Rg3+ 52.Kf2 Rxg6 53.Ke3 Rd6 54.Be5 Rd1 55.Ke2
Rd5 56.Kf3 Rd3+ 57.Ke2 Rb3 58.Kf2 Kg4 59.Ke2 Rf3 {#R} 0-1

[Event "PRO League Group Stage"]
[Site "masterchessopen.com chess.com INT"]
[Date "2017.02.15"]
[Round "6"]
[White "Jensen,Mat"]
[Black "Durarbayli,V"]
[Result "0-1"]
[WhiteElo "2039"]
[BlackElo "2616"]

1.d4 e6 2.c4 b6 3.Nf3 Bb7 4.g3 f5 5.Bg2 Nf6 6.Nc3 Bb4 7.O-O O-O 8.Qc2 Qe7 9.a3
Bxc3 10.Qxc3 d6 11.b4 Nbd7 12.Bb2 a5 13.d5 exd5 14.Nd4 Ne4 15.Qc2 c5 16.f3
Nxg3 17.hxg3 Qe3+ 18.Kh2 cxd4 19.Qd3 Qh6+ 20.Kg1 Ne5 21.Qxd4 Nxc4 22.Bc1 Qe6
23.f4 axb4 24.axb4 Rxa1 25.Qxa1 Qxe2 26.Qd4 h6 27.Bxd5+ Bxd5 28.Qxd5+ Kh7
29.Rf2 Qe1+ 30.Rf1 Qxg3+ 31.Qg2 Qxg2+ 32.Kxg2 Kg6 33.Rf2 Kf7 34.Rc2 b5 35.Ra2
Re8 36.Ra7+ Re7 37.Ra2 Re1 38.Ra7+ Kg6 {#R} 0-1

[Event "PRO League Group Stage"]
[Site "masterchessopen.com chess.com INT"]
[Date "2017.02.15"]
[Round "6"]
[White "Bartell,T"]
[Black "Perez Ponsa,F"]
[Result "0-1"]
[WhiteElo "2345"]
[BlackElo "2583"]

1.d4 Nf6 2.c4 e6 3.Nc3 Bb4 4.Qc2 b6 5.e4 c5 6.d5 Qe7 7.Be2 d6 8.Be3 O-O 9.Nf3
Bxc3+ 10.bxc3 e5 11.Nd2 Ng4 12.Bxg4 Bxg4 13.f3 Bc8 14.g4 Nd7 15.h4 Re8 16.h5
h6 17.a4 Nf8 18.a5 Bd7 19.axb6 axb6 20.Ke2 Nh7 21.Qb2 Rxa1 22.Rxa1 Rb8 23.Qa2
Nf6 24.Qa7 Qd8 25.Kd3 Qc8 26.Rb1 Rb7 27.Qa6 Qb8 28.Kc2 b5 29.cxb5 Bxb5 30.Qa2
Be2 31.Rxb7 Qxb7 32.Qa5 c4 33.Qd8+ Kh7 34.Qxd6 Qa8 35.Kb2 Qa4 36.Qxe5 Bd3
37.Qf5+ Kh8 38.Qc8+ Ng8 39.Bd4 Qc2+ 40.Ka3 Qxd2 41.d6 Qc2 42.Kb4 Qb3+ 43.Kc5
Qa3+ 44.Kc6 Bc2 45.d7 Ba4+ 46.Kc7 Qe7 47.Qd8 Qe6 48.Qc8 Qc6+ 49.Kd8 Qd6 50.Qb7
Kh7 51.Bb6 Nf6 52.e5 Qf8+ 53.Kc7 Nxd7 54.Qe4+ Kh8 55.Bd4 Qb8# 0-1

[Event "PRO League Group Stage"]
[Site "masterchessopen.com chess.com INT"]
[Date "2017.02.15"]
[Round "6"]
[White "Bartell,T"]
[Black "Villanueva,Mar"]
[Result "0-1"]
[WhiteElo "2345"]
[BlackElo "2425"]

1.d4 Nf6 2.c4 g6 3.f3 Bg7 4.e4 d6 5.Nc3 O-O 6.Be3 a6 7.Nge2 Nbd7 8.Ng3 c6 9.c5
b5 10.cxb6 Nxb6 11.Be2 a5 12.O-O Ba6 13.Bxa6 Rxa6 14.Qd3 Ra8 15.Kh1 Nfd7
16.Rad1 a4 17.f4 Qc8 18.Rc1 Qa6 19.Qxa6 Rxa6 20.Nb1 c5 21.dxc5 dxc5 22.e5 Nd5
23.Bd2 g5 24.fxg5 Bxe5 25.Nc3 Nxc3 26.Bxc3 Bxc3 27.Rxc3 Rb8 28.Rcf3 Ne5 29.Rf5
Re6 30.Ne4 Nc4 31.Nxc5 Ne3 32.Nxe6 fxe6 33.R5f3 Nxf1 34.Rxf1 Rxb2 35.Ra1 a3
36.h4 Rb4 37.g3 Rb2 38.Rf1 Rxa2 39.Rf3 Kg7 40.h5 e5 41.g4 e4 42.Re3 Ra1+
43.Kg2 a2 44.Re2 Rg1+ {#R} 0-1

[Event "PRO League Group Stage"]
[Site "masterchessopen.com chess.com INT"]
[Date "2017.02.15"]
[Round "6"]
[White "Roberson,P"]
[Black "Carlstedt,J"]
[Result "0-1"]
[WhiteElo "2401"]
[BlackElo "2413"]

1.e4 e5 2.Nf3 Nc6 3.Bb5 a6 4.Ba4 Nf6 5.O-O Bc5 6.Bxc6 dxc6 7.d3 Bg4 8.h3 Bh5
9.Be3 Qe7 10.Nbd2 O-O-O 11.Rb1 h6 12.Bxc5 Qxc5 13.b4 Qe7 14.Nc4 Nxe4 15.g4 Bg6
16.Qe1 Ng5 17.Nxg5 hxg5 18.Qxe5 Qd7 19.Qg3 f6 20.a4 Rh4 21.b5 Rdh8 22.bxa6
bxa6 23.Kg2 f5 24.Rb3 Rxh3 25.Qxh3 Rxh3 26.Kxh3 fxg4+ 27.Kh2 Qf5 28.Ne3 Qf3
29.d4 Be4 30.a5 Qh3+ 31.Kg1 Qh1# 0-1

[Event "PRO League Group Stage"]
[Site "masterchessopen.com chess.com INT"]
[Date "2017.02.15"]
[Round "6"]
[White "Stopa,Ja"]
[Black "Ke,Ivan"]
[Result "1-0"]
[WhiteElo "2479"]
[BlackElo "2058"]

1.d4 d5 2.Bg5 h6 3.Bh4 Nd7 4.e3 Ngf6 5.Nf3 e6 6.Bd3 Be7 7.O-O O-O 8.c4 b6
9.cxd5 exd5 10.Nc3 Bb7 11.Rc1 c5 12.dxc5 bxc5 13.Bb1 Qb6 14.Qc2 Rac8 15.Ne5
Rfd8 16.Nxd7 Rxd7 17.Qf5 Rdd8 18.b3 Qc6 19.f3 Kf8 20.e4 g6 21.exd5 Qd6 22.Qh3
Kg7 23.Bg3 Qd7 24.Qxd7 Rxd7 25.Be5 Bxd5 26.Nxd5 Rxd5 27.Rfe1 Kf8 28.Bc3 Rcd8
29.Rxe7 Kxe7 30.Re1+ Kf8 31.Bxf6 Rd1 32.Kf1 R8d2 33.Be7+ Ke8 34.Bxc5+ Rxe1+
35.Kxe1 Rxg2 36.Bxa7 Rb2 37.Bd3 Rxa2 38.Bb5+ Kd8 39.Bb6+ Ke7 40.Bf2 Ra1+
41.Ke2 Ra2+ 42.Ke3 f5 43.f4 Kd6 44.h4 Kc5 45.Bc4 Rb2 46.Bf7 g5 47.hxg5 hxg5
48.fxg5 Kd6 49.g6 Ke7 50.Kf3 Rc2 51.Bd4 Rc6 52.Kf4 Rd6 53.Bc5 {#r} 1-0

[Event "PRO League Group Stage"]
[Site "masterchessopen.com chess.com INT"]
[Date "2017.02.15"]
[Round "6"]
[White "Balogun,Oluwafemi"]
[Black "Zwirs,Nico"]
[Result "0-1"]
[WhiteElo "2222"]
[BlackElo "2395"]

1.Nf3 Nf6 2.g3 g6 3.Bg2 Bg7 4.O-O O-O 5.d3 d6 6.c3 e5 7.e4 Re8 8.Qc2 a6 9.b4
b5 10.a4 Bb7 11.Na3 Nbd7 12.Bg5 c6 13.Qb3 Qc7 14.c4 bxa4 15.Qxa4 a5 16.Rfb1
Reb8 17.b5 Nc5 18.Qc2 Nfd7 19.Be3 a4 20.Nd2 Ne6 21.Rb4 Ndc5 22.Nab1 cxb5
23.cxb5 Qa5 24.Rb2 Nb3 25.Ra3 Rc8 26.Nc4 Qe1+ 27.Bf1 d5 28.Bd2 Nxd2 29.Qxd2
Qxd2 30.Ncxd2 Bf8 31.Raa2 Nd4 32.Na3 Rc3 33.Nab1 Rc1 34.Na3 Ne2+ 35.Kg2 Nc3
36.Rc2 Bxa3 {#R} 0-1

[Event "PRO League Group Stage"]
[Site "masterchessopen.com chess.com INT"]
[Date "2017.02.15"]
[Round "6"]
[White "Balogun,Oluwafemi"]
[Black "Kevlishvili,Robby"]
[Result "1-0"]
[WhiteElo "2222"]
[BlackElo "2417"]

1.e4 c5 2.Nf3 d6 3.d4 cxd4 4.Nxd4 Nf6 5.Nc3 a6 6.f3 e6 7.Be3 b5 8.g4 Nbd7 9.g5
Nh5 10.f4 Nxf4 11.Bxf4 e5 12.Be3 exd4 13.Qxd4 Ne5 14.O-O-O Be6 15.Be2 Be7
16.h4 O-O 17.Bf4 Qc7 18.h5 Rfc8 19.Rd2 Rab8 20.Nd5 Bxd5 21.Qxd5 Nc4 22.Bxc4
bxc4 23.c3 Rb5 24.Qd4 Rxg5 25.h6 Rg4 26.Qe3 Qc5 27.Qf3 Rxf4 28.Qxf4 Bg5 29.Qg4
Bxd2+ 30.Kxd2 g6 31.Rf1 Rf8 32.Rf5 Qb6 33.Kc1 Qe3+ 34.Kc2 Re8 35.Rf4 Qd3+
36.Kc1 d5 37.Qg5 Qe3+ 38.Kd1 Rf8 39.Qf6 Qg1+ 40.Rf1 Qg4+ 41.Kd2 Qg2+ 42.Kc1
Qg5+ 43.Qxg5 dxe4 44.Qf6 e3 {#r} 1-0

[Event "PRO League Group Stage"]
[Site "masterchessopen.com chess.com INT"]
[Date "2017.02.15"]
[Round "6"]
[White "Shabalov,A"]
[Black "Chjumachenko,A"]
[Result "1-0"]
[WhiteElo "2563"]
[BlackElo "2327"]

1.e4 c5 2.a3 Nc6 3.b4 e5 4.Bc4 Nf6 5.d3 cxb4 6.Nf3 b5 7.Bxb5 Bc5 8.axb4 Bxb4+
9.c3 Bc5 10.d4 exd4 11.O-O d3 12.e5 Ng4 13.Qxd3 Qb6 14.Ra2 Rb8 15.Rb2 Nxf2
16.Rfxf2 Bxf2+ 17.Kf1 O-O 18.Bc4 Qxb2 19.Bxb2 Rxb2 20.Nbd2 Bc5 21.Ng5 g6
22.Qd5 Rxd2 23.Qxd2 Nxe5 24.Be2 d6 25.Ne4 Bf5 26.Nxc5 dxc5 27.Qd6 Nd7 28.Bb5
Nb6 29.Qxc5 Rc8 30.Qd4 Be6 31.h3 h5 32.Kg1 h4 33.Be2 Bd5 34.Bg4 Re8 35.Kf2 Be6
36.Bf3 Nc4 37.Qxh4 a5 38.Qd4 a4 39.Bc6 Rb8 40.Bxa4 Rb2+ 41.Kg3 Nd2 42.Bc6 Nf1+
43.Kh4 g5+ 44.Kxg5 {#r} 1-0

[Event "PRO League Group Stage"]
[Site "masterchessopen.com chess.com INT"]
[Date "2017.02.15"]
[Round "6"]
[White "Shabalov,A"]
[Black "Breckenridge,S"]
[Result "1-0"]
[WhiteElo "2563"]
[BlackElo "2239"]

1.e4 e5 2.f4 Bc5 3.Nf3 d6 4.Bc4 Nf6 5.d3 Nc6 6.Nc3 Bg4 7.Na4 Nd4 8.Nxc5 dxc5
9.fxe5 Nxe4 10.O-O Bxf3 11.gxf3 Ng5 12.f4 Nh3+ 13.Kg2 Qh4 14.c3 g5 15.fxg5 Ne6
16.Qe1 Qg4+ 17.Kh1 Nhxg5 18.Qg3 Qxg3 19.hxg3 c6 20.a4 b6 21.Be3 Rg8 22.Rf6
O-O-O 23.Raf1 Rg7 24.Kh2 Rd7 25.R1f5 Kb7 26.Bxg5 Nxg5 27.Bxf7 Rxd3 28.e6 Re3
29.Rf1 Ne4 30.R6f3 Re2+ 31.Kh3 Ng5+ 32.Kh4 Nxf3+ 33.Rxf3 Kc7 34.Rd3 Kc8 35.Kh3
b5 36.axb5 cxb5 37.Rd5 Kb7 38.Rxc5 Kb6 39.Rf5 a5 40.g4 b4 41.cxb4 axb4 42.g5
Re1 43.Kg4 Rg1+ 44.Kf4 Rf1+ 45.Ke5 Re1+ 46.Kf6 Rg6+ 47.Bxg6 hxg6 48.Re5 {#r}
1-0

[Event "PRO League Group Stage"]
[Site "masterchessopen.com chess.com INT"]
[Date "2017.02.15"]
[Round "6"]
[White "Javakhadze,Z"]
[Black "Bhat,V"]
[Result "1-0"]
[WhiteElo "2468"]
[BlackElo "2519"]

1.Nf3 d5 2.g3 c6 3.Bg2 Bf5 4.d3 Nf6 5.O-O Nbd7 6.c4 e6 7.Be3 Bd6 8.Qb3 Qb8
9.Nc3 h6 10.cxd5 exd5 11.Bd4 O-O 12.Nh4 Bh7 13.e4 dxe4 14.dxe4 Re8 15.Rfe1 Bc5
16.Rad1 Bxd4 17.Rxd4 Nc5 18.Qc4 Ne6 19.Rdd1 Qc7 20.e5 Nd7 21.f4 Rad8 22.Ne4
Nb6 23.Qc1 Bxe4 24.Bxe4 Nd4 25.Qc5 Ne6 26.Qe3 Rxd1 27.Rxd1 Rd8 28.Rc1 Qd7
29.Nf3 Nd4 30.Ne1 Qg4 31.Kg2 Nf5 32.Qf2 Nd5 33.Nc2 h5 34.h3 Qg6 35.Kh2 Qe6
36.Rd1 h4 37.g4 Ng3 38.Bg2 Qe7 39.Nd4 Qc5 40.Rd2 Re8 41.Nf5 Qxf2 42.Rxf2 Nxf5
43.gxf5 Ne7 44.Be4 Rd8 45.Kg2 f6 46.Kf3 Rd1 47.Rg2 Kf7 48.Bc2 Rd4 49.Rg4 Nd5
50.e6+ Kg8 51.Be4 Rd2 52.Rxh4 Ne7 53.Rg4 Rxb2 54.Rg1 Rd2 55.Ke3 Rd6 56.Rb1 b6
57.a4 g6 58.Rg1 Kg7 59.Kf3 Kh6 60.fxg6 f5 61.Bxf5 Nxf5 62.Ke4 Ne7 63.Ke5 Rd5+
64.Kf6 {#r} 1-0

[Event "PRO League Group Stage"]
[Site "masterchessopen.com chess.com INT"]
[Date "2017.02.15"]
[Round "6"]
[White "Swapnil,SD"]
[Black "Bernotas,A"]
[Result "1-0"]
[WhiteElo "2527"]
[BlackElo "2332"]

1.d4 Nf6 2.c4 e6 3.Nf3 b6 4.g3 Ba6 5.Qc2 c5 6.Bg2 Bb7 7.d5 exd5 8.cxd5 Nxd5
9.O-O Be7 10.Ne5 Qc7 11.Qe4 O-O 12.Rd1 Bf6 13.Nc4 b5 14.Nca3 b4 15.Nc2 d6
16.Rxd5 Nd7 17.Ne3 Nb6 18.Qc2 Nxd5 19.Nxd5 Bxd5 20.Bxd5 Rac8 21.Nd2 c4 22.Nxc4
Rfe8 23.e4 Bd4 24.Bf4 Bc5 25.Rd1 Qd7 26.Kg2 Qe7 27.h4 h6 28.Rd3 Qf6 29.Rf3 Qd4
30.Be3 {#r} 1-0

[Event "PRO League Group Stage"]
[Site "masterchessopen.com chess.com INT"]
[Date "2017.02.15"]
[Round "6"]
[White "Dhulipalla,Bala Chandra Prasad"]
[Black "Oberholzer,Francois"]
[Result "1-0"]
[WhiteElo "2353"]
[BlackElo "2034"]

1.d4 Nf6 2.Bf4 d5 3.e3 c5 4.Nf3 Nc6 5.Nbd2 e6 6.c3 Bd6 7.Bg3 O-O 8.Bb5 Ne7
9.Bd3 b5 10.dxc5 Bxc5 11.Bxb5 Qb6 12.Qb3 Nf5 13.Bd3 Bxe3 14.fxe3 Qxe3+ 15.Be2
Nxg3 16.hxg3 Ne4 17.Nxe4 dxe4 18.Qc2 g6 19.Qd2 Qc5 20.Qh6 Rd8 21.Ng5 Qc7
22.Nxe4 Qe5 23.Qxh7+ Kf8 24.Qh8+ Qxh8 25.Rxh8+ Ke7 26.Rxd8 Kxd8 27.Rd1+ Ke7
28.Nd6 Bd7 {#r} 1-0

[Event "PRO League Group Stage"]
[Site "masterchessopen.com chess.com INT"]
[Date "2017.02.15"]
[Round "6"]
[White "Jacobson,Brandon"]
[Black "Yudasin,L"]
[Result "0-1"]
[WhiteElo "2225"]
[BlackElo "2517"]

1.e4 c5 2.Nf3 e6 3.Qe2 Nc6 4.g3 Bd6 5.Bg2 Nge7 6.O-O O-O 7.b3 Bc7 8.Bb2 d5
9.d4 cxd4 10.Nxd4 Nxd4 11.Bxd4 Nc6 12.Bb2 d4 13.Na3 e5 14.Rad1 Qe7 15.Nb5 Bb6
16.c3 a6 17.Ba3 Bc5 18.Bxc5 Qxc5 19.Nc7 Rb8 20.c4 Kh8 21.Nd5 Be6 22.Kh1 b5
23.Rc1 Qd6 24.c5 Qd8 25.f4 f6 26.f5 Bf7 27.a3 Ne7 28.Nxe7 Qxe7 29.Qf3 b4 30.a4
Rfc8 31.Qd3 Rxc5 32.Qxa6 Rc3 33.Rb1 Bxb3 34.Rfc1 Qc7 35.Re1 Bc4 {#R} 0-1

[Event "PRO League Group Stage"]
[Site "masterchessopen.com chess.com INT"]
[Date "2017.02.15"]
[Round "6"]
[White "Jacobson,Brandon"]
[Black "Akylbekov,Nasyr"]
[Result "0-1"]
[WhiteElo "2225"]
[BlackElo "2222"]

1.Nf3 Nf6 2.c4 e6 3.g3 b6 4.Bg2 Bb7 5.d4 c5 6.d5 exd5 7.cxd5 Bxd5 8.Nc3 Bb7
9.O-O Be7 10.e4 O-O 11.e5 Ne8 12.Nd5 Nc7 13.Nxe7+ Qxe7 14.Bg5 Qe8 15.Qd6 Ne6
16.Be7 Nc6 17.Bxf8 Nxf8 18.Ng5 h6 19.Ne4 Ng6 20.f4 Rb8 21.Qd2 Qe7 22.Nd6 Ba6
23.Rf2 Nd4 24.Bd5 Rf8 25.Re1 Nb5 26.Bc4 Nxd6 27.exd6 Qxe1+ 28.Qxe1 Bxc4 29.f5
Nh8 30.Qe7 Bb5 31.h4 f6 32.Rf3 Bc6 33.Re3 Nf7 34.g4 c4 35.Kf2 b5 36.Kg3 a5
37.Kf4 b4 38.Re1 a4 39.a3 bxa3 40.bxa3 Rc8 41.Kg3 Rb8 42.Re3 Rc8 43.Rc3 Bb5
44.Kh2 Ne5 45.g5 hxg5 46.hxg5 Rf8 47.g6 Rc8 48.Kg3 Rb8 49.Re3 Rf8 50.Rxe5 fxe5
51.Qxe5 Bc6 52.Kf4 Rf6 53.Qb2 c3 54.Qh2 Bd5 55.Qc2 Be6 56.Qxc3 Rxf5+ 57.Ke4
Rf8 58.Qb4 Bf5+ 59.Ke5 Bxg6 60.Qg4 Re8+ 61.Kd5 Bf7+ 62.Kd4 Be6 63.Qg5 Rc8
64.Qa5 Kf7 65.Kd3 Rc6 66.Qxa4 Rxd6+ 67.Ke3 Bf5 68.Qf4 Rd3+ 69.Ke2 g6 70.a4 Ra3
71.Qb4 Ra2+ 72.Ke3 Be6 73.a5 g5 74.Qb6 g4 75.Kf4 Ra4+ 76.Kg3 Ra3+ 77.Kf2 g3+
78.Ke2 Ra2+ 79.Ke1 g2 80.Qd4 Ra1+ {#R} 0-1

[Event "PRO League Group Stage"]
[Site "masterchessopen.com chess.com INT"]
[Date "2017.02.15"]
[Round "6"]
[White "Balabaev,T"]
[Black "Kozak,Adam"]
[Result "1-0"]
[WhiteElo "2393"]
[BlackElo "2338"]

1.e4 e5 2.Nf3 Nc6 3.Bb5 a6 4.Ba4 Nf6 5.O-O Be7 6.Re1 b5 7.Bb3 d6 8.a4 Bd7 9.c3
O-O 10.d4 Bg4 11.Be3 Bh5 12.Nbd2 Na5 13.Bc2 Ng4 14.Qe2 Nxe3 15.Qxe3 Bf6 16.b4
Bxf3 17.Qxf3 Nc6 18.Qd3 exd4 19.e5 g6 20.exf6 dxc3 21.Qxc3 Ne5 22.Ne4 Qd7
23.Qe3 Ng4 24.Qf4 Qf5 25.Qxf5 gxf5 26.Ng3 Nxf6 27.Nxf5 Rfe8 28.Bb3 Kf8 29.f3
Rxe1+ 30.Rxe1 a5 31.axb5 axb4 32.Re7 d5 33.Rxc7 Ra3 34.b6 {#r} 1-0

[Event "PRO League Group Stage"]
[Site "masterchessopen.com chess.com INT"]
[Date "2017.02.15"]
[Round "6"]
[White "Balabaev,T"]
[Black "Mihok,O"]
[Result "0-1"]
[WhiteElo "2393"]
[BlackElo "2505"]

1.e4 g6 2.d4 Bg7 3.Nc3 d6 4.Be3 a6 5.Qd2 b5 6.f3 Nd7 7.h4 h5 8.Nh3 Bb7 9.Ng5
c5 10.dxc5 Nxc5 11.O-O-O Rc8 12.Kb1 Qa5 13.Bd4 Bxd4 14.Qxd4 Nf6 15.b4 e5
16.Qxc5 Rxc5 17.bxa5 Rxc3 18.Rxd6 Ke7 19.Rb6 Rc7 20.a4 bxa4 21.Bd3 Nd7 22.Rb4
Nc5 23.Bc4 f6 24.Nh3 Rd8 25.Kc1 Rd4 26.Rd1 Rcd7 27.Nf2 Bc6 28.Rxd4 Rxd4 29.Nd3
Kd6 30.Kb2 Nxd3+ 31.cxd3 Bb5 32.Kc3 Kc5 33.g4 a3 {#R} 0-1